Urdu aur Hindi: Wahdat/Sanviat /اردو اور ہندی وحدت ثنو (Record no. 612806)
[ view plain ]
| 000 -LEADER | |
|---|---|
| fixed length control field | 00354nam a22001217a 4500 |
| 020 ## - INTERNATIONAL STANDARD BOOK NUMBER | |
| International Standard Book Number | 978-969-35-3321-7 |
| 040 ## - CATALOGING SOURCE | |
| Transcribing agency | CL |
| 100 ## - MAIN ENTRY--PERSONAL NAME | |
| Personal name | Dr. Muhammad Khawar Nawazish |
| 9 (RLIN) | 127797 |
| 245 ## - TITLE STATEMENT | |
| Title | Urdu aur Hindi: Wahdat/Sanviat /اردو اور ہندی وحدت ثنو |
| 260 ## - PUBLICATION, DISTRIBUTION, ETC. | |
| Place of publication, distribution, etc. | Lahore |
| Name of publisher, distributor, etc. | Sang-e-Meel Publications |
| Date of publication, distribution, etc. | 2020 |
| 300 ## - PHYSICAL DESCRIPTION | |
| Extent | 480p. |
| 942 ## - ADDED ENTRY ELEMENTS (KOHA) | |
| Source of classification or shelving scheme | |
| Koha item type | Book |
No items available.
